What should armies do? : (Record no. 16228)

000 -LEADER
fixed length control field 01719cam a2200385 i 4500
001 - CONTROL NUMBER
control field 18120140
005 - DATE AND TIME OF LATEST TRANSACTION
control field 20170105102935.0
008 - FIXED-LENGTH DATA ELEMENTS--GENERAL INFORMATION
fixed length control field 140418s2014 enk b 001 0 eng
010 ## - LIBRARY OF CONGRESS CONTROL NUMBER
LC control number 2014015518
020 ## - INTERNATIONAL STANDARD BOOK NUMBER
International Standard Book Number 9781472445261 (hardback : alk. paper)
020 ## - INTERNATIONAL STANDARD BOOK NUMBER
Canceled/invalid ISBN 9781472445285 (ebook)
020 ## - INTERNATIONAL STANDARD BOOK NUMBER
Canceled/invalid ISBN 9781472445278 (epub)
040 ## - CATALOGING SOURCE
Original cataloging agency DLC
Language of cataloging eng
Transcribing agency DLC
Description conventions rda
Modifying agency DLC
042 ## - AUTHENTICATION CODE
Authentication code pcc
043 ## - GEOGRAPHIC AREA CODE
Geographic area code e------
-- n-us---
050 00 - LIBRARY OF CONGRESS CALL NUMBER
Classification number UA926
Item number .C552 2014
082 00 - DEWEY DECIMAL CLASSIFICATION NUMBER
Classification number 363.346094
Edition number 23
Author Mark CLA 2014
100 1# - MAIN ENTRY--PERSONAL NAME
Personal name Clarke, John L.
Fuller form of name (John Louie),
Dates associated with a name 1952-
245 10 - TITLE STATEMENT
Title What should armies do? :
Remainder of title armed forces and civil security /
Statement of responsibility, etc. by John L. Clarke.
260 ## - PUBLICATION, DISTRIBUTION, ETC.
Place of publication, distribution, etc. USA
Name of publisher, distributor, etc. Ashgate publishing
Date of publication, distribution, etc. 2014
300 ## - PHYSICAL DESCRIPTION
Extent xi, 159 pages ;
Dimensions 25 cm
504 ## - BIBLIOGRAPHY, ETC. NOTE
Bibliography, etc. note Includes bibliographical references and index.
505 0# - FORMATTED CONTENTS NOTE
Formatted contents note Armed forces in civil security: the Western tradition -- Contemporary transatlantic defense challenges -- Trends in modern military organizations -- Key considerations for armed forces in civil security -- Supporting the civil authority -- What's next? -- What's best? Force nominations for contemporary security challenges -- A specialized force for civil security? -- What armies should do?.
650 #0 - SUBJECT ADDED ENTRY--TOPICAL TERM
Topical term or geographic name entry element Civil defense
Geographic subdivision Europe.
650 #0 - SUBJECT ADDED ENTRY--TOPICAL TERM
Topical term or geographic name entry element Civil defense
Geographic subdivision United States.
650 #0 - SUBJECT ADDED ENTRY--TOPICAL TERM
Topical term or geographic name entry element Armies
General subdivision Organization.
650 #0 - SUBJECT ADDED ENTRY--TOPICAL TERM
Topical term or geographic name entry element Civil-military relations.
650 #0 - SUBJECT ADDED ENTRY--TOPICAL TERM
Topical term or geographic name entry element National security.
651 #0 - SUBJECT ADDED ENTRY--GEOGRAPHIC NAME
Geographic name Europe
General subdivision Armed Forces
-- Civic action.
651 #0 - SUBJECT ADDED ENTRY--GEOGRAPHIC NAME
Geographic name United States
General subdivision Armed Forces
-- Civic action.
651 #0 - SUBJECT ADDED ENTRY--GEOGRAPHIC NAME
Geographic name Europe
General subdivision Defenses.
906 ## - LOCAL DATA ELEMENT F, LDF (RLIN)
a 7
b cbc
c orignew
d 1
e ecip
f 20
g y-gencatlg
942 ## - ADDED ENTRY ELEMENTS (KOHA)
Source of classification or shelving scheme
Koha item type Book
Holdings
Withdrawn status Lost status Damaged status Not for loan Collection code Permanent Location Current Location Shelving location Date acquired Total Checkouts Full call number Barcode Date last seen Price effective from Koha item type
          Centre for International Peace & Stability (CIPS) Centre for International Peace & Stability (CIPS) General Stacks 09/30/2015   363.346094 CLA 2014 CIPS0002684 09/30/2015 09/30/2015 Book
© 2023 Central Library, National University of Sciences and Technology. All Rights Reserved.